| 000 | 00730cam a2200157ua 4500 | ||
|---|---|---|---|
| 041 |
_aeng _h |
||
| 082 |
_a624.042 _bBUR/CO |
||
| 110 | 1 |
_aBureau of Indian Standards . _b _c() |
|
| 245 |
_aCode of practice for design loads (other than earthquake) for buildings and structures, IS 875(Part V)-1987 / _cBureau of Indian Standards. _hTextual Documents |
||
| 250 |
_a1 / _b. |
||
| 260 |
_a : _bBureau of Indian Standards , _c1988. |
||
| 300 | _a18 ; . | ||
| 504 | _a | ||
| 942 | _cBK | ||
| 999 |
_c7663 _d7663 |
||